| 000 | 00677cam a22002291 4500 | ||
|---|---|---|---|
| 001 | it 01000068 | ||
| 003 | DLC | ||
| 005 | 20260227111517.0 | ||
| 008 | 800306s1888 it fbd 000 0 ita | ||
| 010 | _ait 01000068 | ||
| 035 | _a(OCoLC)6058298 | ||
| 040 |
_aDLC _cNNR _dDLC |
||
| 042 | _apremarc | ||
| 050 | 0 | 0 |
_aHA29 _b.G13 |
| 100 | 1 | _aGabaglio, Antonio. | |
| 245 | 0 | 0 |
_aTeoria generale della statistica, _cdi Antonio Gabaglio. |
| 250 | _a2. ed., totalmente rifatta. | ||
| 260 |
_aMilano, _bU. Hoepli, _c1888. |
||
| 300 |
_a2 v. _bplates (part col.) fold. maps, diagrs. (part col., part fold.) _c23 cm. |
||
| 490 | 0 | _aStudi giuridici e politici | |
| 650 | 0 | _aStatistics. | |
| 999 |
_c34835 _d34835 |
||